Vplyv členstva vo WTO na zahraničnoobchodnú politiku SR po vstupe do EÚ
Presadzovanie zámerov WTO v oblasti spoločnej resp. koordinovanej zahraničnoobchodnej politiky. Ministerská konferencia WTO v Singapure. Built-in Agenda. Investície a hospodárska súťaž. Transparentnosť vo vládnom obstarávaní. Ministerská konferencia WTO v Dohe. Cancún 2003. Vplyvy konferencie na mu...
Guardado en:
| Autor principal: | |
|---|---|
| Otros Autores: | |
| Formato: | Capítulo de libro |
| Lenguaje: | eslovaco |
| Materias: | |
| Etiquetas: |
Sin Etiquetas, Sea el primero en etiquetar este registro!
|
MARC
| LEADER | 00000naa$a2200000$$$4500 | ||
|---|---|---|---|
| 001 | 0051038 | ||
| 005 | 20240711093022.1 | ||
| 041 | 0 | |a slo | |
| 044 | |a SK | ||
| 245 | 1 | 0 | |a Vplyv členstva vo WTO na zahraničnoobchodnú politiku SR po vstupe do EÚ |
| 520 | |a Presadzovanie zámerov WTO v oblasti spoločnej resp. koordinovanej zahraničnoobchodnej politiky. Ministerská konferencia WTO v Singapure. Built-in Agenda. Investície a hospodárska súťaž. Transparentnosť vo vládnom obstarávaní. Ministerská konferencia WTO v Dohe. Cancún 2003. Vplyvy konferencie na multilaterálny obchodný systém. Konferencia v Honkongu. Reforma WTO. Význam WTO pre zahraničnoobchodnú politiku SR. | ||
| 610 | 2 | 0 | |a Slovensko |
| 610 | 2 | 0 | |a organizácie medzinárodné |
| 610 | 2 | 0 | |a Svetová obchodná organizácia |
| 610 | 2 | 0 | |a konferencie |
| 610 | 2 | 0 | |a politika zahraničnoobchodná |
| 610 | 2 | 0 | |a hospodárstvo svetové |
| 100 | 1 | |a Líner, Martin | |
| 700 | 1 | |a Kosír, Igor | |